| 000 | 01014cam a2200289 a 4500 | ||
|---|---|---|---|
| 999 |
_c20789 _d20789 |
||
| 001 | 1474899 | ||
| 003 | BDDh-ASL | ||
| 005 | 20231015025933.0 | ||
| 008 | 860620s1986 ii b 001 0 eng | ||
| 010 | _a 86900004 | ||
| 020 |
_a0195617282 : _cRs230.00 |
||
| 025 | _aI E 52426 | ||
| 040 |
_aDLC _cDLC _dDLC _dBDDh-ASL |
||
| 043 | _aa-ii--- | ||
| 050 | 0 | 0 |
_aDS486.D3 _bD44 1986 |
| 082 | 0 | 0 |
_a954.56 _219 _bDEL |
| 245 | 0 | 0 |
_aDelhi through the ages : _bessays in urban history, culture, and society / _cedited by R.E. Frykenberg. |
| 260 |
_aDelhi ; _aNew York : _bOxford University Press, _c1986. |
||
| 300 |
_axli, 524 p., [8] p. of plates : _bill., maps ; _c22 cm. |
||
| 500 | _aMaps on lining papers. | ||
| 504 | _aIncludes bibliographies and index. | ||
| 651 | 0 |
_aDelhi (India) _xHistory. |
|
| 700 | 1 | _aFrykenberg, Robert Eric. | |
| 856 | 4 | 2 |
_3Publisher description _uhttp://www.loc.gov/catdir/enhancements/fy0636/86900004-d.html |
| 906 |
_a7 _bcbc _corignew _d3 _encip _f19 _gy-gencatlg |
||
| 942 |
_2ddc _cBK |
||